Govt. of
Madhya Pradesh

When The World Was Young (Record no. 49425)

MARC details
000 -LEADER
fixed length control field 003860000a22001570004500
001 - CONTROL NUMBER
control field 000118
003 - CONTROL NUMBER IDENTIFIER
control field MACL
040 ## - CATALOGING SOURCE
Original cataloging agency MACL
090 ## - LOCALLY ASSIGNED LC-TYPE CALL NUMBER (OCLC); LOCAL CALL NUMBER (RLIN)
-- 118
-- 118
100 ## - MAIN ENTRY--PERSONAL NAME
Personal name Elwin, Verrier
245 ## - TITLE STATEMENT
Title When The World Was Young
Remainder of title FolkT̜ales From India's Hills And Forest
Statement of responsibility, etc. Verrier Elwin
260 ## - PUBLICATION, DISTRIBUTION, ETC. (IMPRINT)
Place of publication, distribution, etc. National Book Trust,
Date of publication, distribution, etc. 1995
350 ## - PRICE (NR) (BK AM CF MU VM SE) [OBSOLETE]
Price 28
650 ## - SUBJECT ADDED ENTRY--TOPICAL TERM
Topical term or geographic name as entry element Social Science
942 ## - ADDED ENTRY ELEMENTS (KOHA)
Call number prefix 399
Koha item type Library Membar

No items available.